[Event "AUTO-ADV-2151"]
[Site "http://www.queenalice.com/game.php?id=997438"]
[Date "2011.10.14"]
[Round "2"]
[White "luizhenriq19"]
[Black "Patou"]
[Result "1/2-1/2"]
[WhiteElo "2008"]
[BlackElo "2090"]

1. d4 Nf6 2. c4 c5 3. d5 b5 4. b3 d6 5. Nf3 g6 6. Bg5 Bg7 7. Nbd2 Bf5 8. Rc1 O-O
9. e4 Nxe4 10. Nxe4 Bxe4 11. Bd3 Bxd3 12. Qxd3 Qa5+ 13. Qd2 Qxd2+ 14. Nxd2 Nd7
15. O-O Bf6 16. Bh6 1/2-1/2

[Event "AUTO-ADV-2151"]
[Site "http://www.queenalice.com/game.php?id=997446"]
[Date "2011.10.14"]
[Round "2"]
[White "Patou"]
[Black "chesspsico2"]
[Result "1-0"]
[WhiteElo "2047"]
[BlackElo "1919"]

1. c4 c5 2. Nf3 Nc6 3. g3 Nf6 4. Bg2 d6 5. O-O e5 6. d3 Be7 7. Nc3 O-O 8. b3 a6
9. Bb2 Qc7 10. e3 b6 11. d4 cxd4 12. exd4 exd4 13. Nxd4 Bb7 14. Nf5 Rae8 15. Re1
Nd8 16. Bxb7 Nxb7 17. Qd4 Bd8 18. Nd5 Qd7 19. Nxg7 1-0

[Event "AUTO-ADV-2151"]
[Site "http://www.queenalice.com/game.php?id=997447"]
[Date "2011.10.14"]
[Round "2"]
[White "chesspsico2"]
[Black "Patou"]
[Result "1-0"]
[WhiteElo "1952"]
[BlackElo "2077"]

1. d4 Nf6 2. c4 c5 3. Nf3 g6 4. e3 Bg7 5. Nc3 b6 6. Qc2 Bb7 7. d5 d6 8. e4 a6 9.
Bd3 O-O 10. O-O b5 11. Ne2 Qb6 12. Rb1 Nbd7 13. b3 e6 14. Bb2 Rfb8 15. Rfe1 b4
16. Ng3 1-0

[Event "AUTO-ADV-2153"]
[Site "http://www.queenalice.com/game.php?id=997984"]
[Date "2011.10.16"]
[Round "2"]
[White "Patou"]
[Black "thw"]
[Result "1-0"]
[WhiteElo "2036"]
[BlackElo "1907"]

1. c4 e6 2. Nf3 d5 3. d4 Nf6 4. g3 c6 5. Bg2 dxc4 6. a4 Qa5+ 7. Bd2 Bb4 8. O-O
Bxd2 9. Nbxd2 Qb4 10. Qc2 O-O 11. Qxc4 Qxc4 12. Nxc4 Nbd7 13. Nd6 Ne4 14. Nxe4
1-0

[Event "AUTO-MASTER-1774"]
[Site "http://www.queenalice.com/game.php?id=1126211"]
[Date "2012.11.27"]
[Round "1"]
[White "HILITO"]
[Black "Patou"]
[Result "1-0"]
[WhiteElo "2067"]
[BlackElo "2120"]

1. e4 c6 2. d3 d5 3. Nd2 e5 4. Ngf3 Bd6 5. Be2 Ne7 6. O-O O-O 7. Re1 f6 8. Nf1
Be6 9. Ng3 Nd7 10. Be3 c5 11. c3 Rc8 12. a3 b5 13. Rc1 Kh8 14. b4 a5 15. Bd2 Nc6
16. exd5 Bxd5 17. Nf5 Bc7 18. c4 bxc4 19. b5 cxd3 20. Bxd3 Ne7 21. Ne3 Bf7 22.
a4 Re8 23. Qc2 Bb6 24. Nc4 Nf8 25. Red1 Ne6 26. Bf5 Nxf5 27. Bxa5 Nfd4 28. Bxb6
Nxc2 29. Bxd8 Rexd8 30. Nd6 Bg6 31. Nxc8 Rxc8 32. a5 Ned4 33. Nxd4 Nxd4 34. b6
Be4 35. Ra1 Rb8 36. f3 Bd5 37. Rdb1 Nc2 38. a6 1-0

[Event "AUTO-MASTER-1774"]
[Site "http://www.queenalice.com/game.php?id=1126212"]
[Date "2012.11.27"]
[Round "1"]
[White "Patou"]
[Black "HILITO"]
[Result "1-0"]
[WhiteElo "2087"]
[BlackElo "2200"]

1. c4 c6 2. Nf3 Nf6 3. g3 g6 4. Bg2 Bg7 5. O-O O-O 6. Nc3 d5 7. cxd5 cxd5 8. d4
a6 9. Bf4 Bg4 10. Ne5 Be6 11. Qd2 Nc6 12. Nxc6 bxc6 13. Bh6 Qb6 14. Bxg7 Kxg7
15. Na4 Qb5 16. Nc5 Rab8 17. b3 Bd7 18. Rac1 Rfe8 19. Rc3 e5 20. dxe5 Rxe5 21.
Qd4 Re7 22. Rf3 Bf5 23. g4 Qb4 24. Qxb4 Rxb4 25. gxf5 Rxe2 26. Nxa6 Rb6 27. Nc5
Rxa2 28. fxg6 hxg6 29. Rxf6 Rc2 30. Nd7 Rxb3 31. Rd6 1-0

[Event "AUTO-MASTER-1774"]
[Site "http://www.queenalice.com/game.php?id=1126227"]
[Date "2012.11.27"]
[Round "1"]
[White "crono"]
[Black "Patou"]
[Result "0-1"]
[WhiteElo "2114"]
[BlackElo "2106"]

1. d4 c6 2. c4 d5 3. e3 Nf6 4. Nf3 e6 5. Nc3 Bd6 6. Bd3 O-O 7. O-O dxc4 8. Bxc4
Nbd7 9. Qe2 Nd5 10. Rd1 N7b6 11. Bb3 a5 12. Ne5 Nxc3 13. bxc3 Nd5 14. Qd3 Qh4
15. f4 f6 16. Nf3 Qh5 17. a3 Kh8 18. c4 Ne7 19. Bb2 b5 20. g3 Qxf3 0-1

[Event "AUTO-MASTER-1774"]
[Site "http://www.queenalice.com/game.php?id=1126228"]
[Date "2012.11.27"]
[Round "1"]
[White "Patou"]
[Black "crono"]
[Result "1/2-1/2"]
[WhiteElo "2118"]
[BlackElo "2152"]

1. c4 Nf6 2. Nf3 g6 3. g3 Bg7 4. Bg2 c5 5. O-O Nc6 6. Nc3 O-O 7. d3 d5 8. cxd5
Nxd5 9. Nxd5 Qxd5 10. a3 Rd8 11. Qc2 b6 12. Ne5 Qxe5 13. Bxc6 Bh3 14. Re1 Rac8
15. Bb7 Rb8 16. Bf3 Qd6 17. Bf4 e5 18. Bg5 f6 19. Bd2 f5 20. Bc3 Rf8 21. Qa4 Qe7
22. b4 e4 23. Qb3+ Kh8 24. Bxg7+ Kxg7 25. Qc3+ Rf6 26. Bg2 Bxg2 27. Kxg2 Kg8 28.
Qc4+ 1/2-1/2

[Event "AUTO-MASTER-1774"]
[Site "http://www.queenalice.com/game.php?id=1126239"]
[Date "2012.11.27"]
[Round "1"]
[White "Patou"]
[Black "chessman"]
[Result "1-0"]
[WhiteElo "2119"]
[BlackElo "1933"]

1. c4 c6 2. Nf3 d5 3. b3 Bf5 4. Bb2 Nf6 5. g3 h6 6. Bg2 e6 7. O-O Be7 8. d3 O-O
9. Nbd2 Nbd7 10. Re1 Nb6 11. e4 Bh7 12. d4 dxe4 13. Ne5 Bb4 14. Re2 Qc7 15. Nxe4
Nxe4 16. Bxe4 Rad8 17. Qc2 Bxe4 18. Qxe4 Be7 19. Rae1 Bf6 20. Ng4 Be7 21. Bc1
Nd7 22. Bf4 Qa5 23. Nxh6+ Kh8 24. Qg2 Qh5 25. Nxf7+ Rxf7 26. Rxe6 1-0

[Event "AUTO-MASTER-1774"]
[Site "http://www.queenalice.com/game.php?id=1126240"]
[Date "2012.11.27"]
[Round "1"]
[White "chessman"]
[Black "Patou"]
[Result "1/2-1/2"]
[WhiteElo "1974"]
[BlackElo "2125"]

1. e4 c6 2. d4 d5 3. Nc3 dxe4 4. Nxe4 Nd7 5. Nf3 Ngf6 6. Bd3 Nxe4 7. Bxe4 Nf6 8.
Bd3 Bg4 9. c3 e6 10. O-O Be7 11. Be2 O-O 12. Ne5 Bxe2 13. Qxe2 Nd7 14. Rd1 Nxe5
15. dxe5 Qc7 16. Bf4 Rfd8 17. Rxd8+ Rxd8 18. Rd1 Rxd1+ 19. Qxd1 Qd8 20. Qxd8+
Bxd8 21. Kf1 g5 22. Be3 a6 23. Ke2 Kg7 24. Kd3 b5 25. Ke4 g4 26. f4 Kg6 27. Bc5
h5 28. g3 h4 29. b4 h3 30. a3 Bc7 31. Be3 Bd8 32. Bc5 a5 33. Bd4 a4 34. Bc5 f5+
35. Kd3 Kf7 36. Ke2 Ke8 37. Kd3 Kd7 38. Kc2 Kc7 39. Kd3 Kd7 40. Kd2 Kc7 1/2-1/2

[Event "AUTO-MASTER-1774"]
[Site "http://www.queenalice.com/game.php?id=1199286"]
[Date "2013.7.12"]
[Round "2"]
[White "HILITO"]
[Black "Patou"]
[Result "0-1"]
[WhiteElo "1843"]
[BlackElo "2126"]

1. e4 d6 2. d4 Nf6 3. Bd3 g6 4. f4 Bg7 5. Be3 c6 6. c3 Qb6 7. Qc2 a5 8. Ne2 Ng4
9. Bd2 e5 10. fxe5 dxe5 11. O-O exd4 12. c4 Ne3 13. Bxe3 dxe3 14. Nbc3 Qc5 15.
Na4 Qa7 16. c5 Nd7 17. Rf3 O-O 18. Rxe3 b5 19. cxb6 Nxb6 20. Nc5 Nd7 21. Rc1 Bh6
22. Kf2 Re8 23. Nd4 Nxc5 24. Qxc5 Qxc5 25. Rxc5 Bxe3+ 26. Kxe3 Bb7 27. Kd2 Kg7
28. a3 Kf6 29. Ke3 Re5 30. Rc1 c5 31. Nf3 Re7 32. Rxc5 Kg7 33. g4 f6 34. h4 a4
35. Kf4 h6 36. g5 fxg5+ 37. hxg5 h5 38. Nh4 Rf8+ 39. Kg3 Bxe4 40. Bxe4 Rxe4 41.
Rc7+ Rf7 42. Rc5 Rg4+ 43. Kh3 Rf1 44. Rc7+ Kg8 0-1

[Event "AUTO-MASTER-1774"]
[Site "http://www.queenalice.com/game.php?id=1199287"]
[Date "2013.7.12"]
[Round "2"]
[White "Patou"]
[Black "HILITO"]
[Result "1-0"]
[WhiteElo "2121"]
[BlackElo "1895"]

1. c4 c6 2. Nf3 d5 3. b3 Nf6 4. Bb2 Nbd7 5. g3 g6 6. Bg2 Bg7 7. O-O O-O 8. d3
Re8 9. Nbd2 Nb6 10. Ne5 e6 11. Ndf3 Nfd7 12. Qc2 dxc4 13. dxc4 Qc7 14. Qe4 Nf6
15. Qf4 Nh5 16. Qe3 Nd7 17. Rad1 a6 18. Rd2 b6 19. Rfd1 Nc5 20. Bd4 Bb7 21. Bxc5
bxc5 22. Rd7 Qb8 23. Rxf7 Nf6 24. Qxc5 Ne4 25. Rdd7 1-0

[Event "AUTO-MASTER-1774"]
[Site "http://www.queenalice.com/game.php?id=1199292"]
[Date "2013.7.12"]
[Round "2"]
[White "Patou"]
[Black "junipero"]
[Result "1-0"]
[WhiteElo "2113"]
[BlackElo "1920"]

1. c4 Nf6 2. Nf3 c5 3. g3 Nc6 4. Bg2 d6 5. O-O Bd7 6. Nc3 e5 7. d3 Be7 8. a3 O-O
9. Nd5 Nxd5 10. cxd5 Nb8 11. b4 cxb4 12. axb4 Bb5 13. Be3 Nd7 14. Ra5 a6 15. Qb3
Rc8 16. Raa1 h6 17. Rfc1 Nf6 18. Nd2 Qd7 19. Nc4 Rfd8 20. Rc2 Qe8 21. Bb6 Rd7
22. Ba5 Bxc4 23. dxc4 Bf8 24. Bh3 Rdd8 25. Bxd8 Qxd8 26. Bxc8 Qxc8 27. Kg2 Qf5
28. f3 e4 29. Rd2 exf3+ 30. exf3 Be7 31. Re1 Kf8 32. Qe3 Bd8 33. Rde2 Qd7 34.
Qa7 g5 35. Qd4 b5 36. c5 dxc5 37. bxc5 Qf5 38. Re8+ Kg7 39. Rxd8 Qc2+ 40. Kg1 b4
41. Qxb4 1-0

[Event "AUTO-MASTER-1774"]
[Site "http://www.queenalice.com/game.php?id=1199293"]
[Date "2013.7.12"]
[Round "2"]
[White "junipero"]
[Black "Patou"]
[Result "0-1"]
[WhiteElo "1927"]
[BlackElo "2106"]

1. d4 Nf6 2. c4 c5 3. e3 g6 4. Nc3 a6 5. Nf3 Bg7 6. dxc5 Qa5 7. Bd2 Qxc5 8. Be2
O-O 9. O-O Nc6 10. a3 e6 11. b4 Qe7 12. c5 d6 13. cxd6 Qxd6 14. Rc1 Rd8 15. Qc2
Bd7 16. Rfd1 Rac8 17. Ne4 Qe7 18. Bc3 e5 19. Nc5 Bf5 20. Qb2 Nd5 21. Be1 e4 22.
Nd4 Nxd4 23. exd4 Bh6 24. Bd2 e3 25. fxe3 Nxe3 26. Re1 Bg7 27. Bc3 b5 28. Nxa6
Qb7 29. Nc5 Qxg2# 0-1

[Event "AUTO-MASTER-1774"]
[Site "http://www.queenalice.com/game.php?id=1199294"]
[Date "2013.7.12"]
[Round "2"]
[White "Patou"]
[Black "docb"]
[Result "1/2-1/2"]
[WhiteElo "2126"]
[BlackElo "1971"]

1. c4 e6 2. Nf3 d5 3. b3 d4 4. Bb2 c5 5. e3 Nc6 6. d3 e5 7. g3 Bg4 8. Bg2 Bd6 9.
O-O f5 10. Qd2 Nf6 11. Na3 a6 12. Nc2 O-O 13. b4 cxb4 14. exd4 exd4 15. Nfxd4
Qb6 16. Nb3 a5 17. Qe3 Qc7 18. Bxf6 Rxf6 19. c5 Be7 20. d4 f4 21. Qe4 Raf8 22.
d5 a4 23. d6 Bxd6 24. cxd6 Qxd6 25. Nbd4 Nxd4 26. Nxd4 Bh5 27. Qd5+ Kh8 28. Qxd6
Rxd6 29. Nf3 1/2-1/2

[Event "AUTO-MASTER-1774"]
[Site "http://www.queenalice.com/game.php?id=1199295"]
[Date "2013.7.12"]
[Round "2"]
[White "docb"]
[Black "Patou"]
[Result "0-1"]
[WhiteElo "1965"]
[BlackElo "2119"]

1. e4 d6 2. Nc3 Nf6 3. g3 g6 4. Bg2 Bg7 5. f4 c6 6. Nf3 O-O 7. O-O Bg4 8. h3
Bxf3 9. Bxf3 Nbd7 10. d4 Qb6 11. Kg2 e6 12. b3 d5 13. e5 Ne8 14. Ba3 Qa5 15.
Bxf8 Bxf8 16. Qd3 c5 17. Ne2 cxd4 18. Nxd4 a6 19. h4 Rc8 20. h5 Nc5 21. Qd1 Qc3
22. hxg6 hxg6 23. Bg4 Ng7 24. Rf3 Qb2 25. Rf2 Ne4 26. Re2 Nc3 27. Qh1 Nxe2 28.
Nxe2 Rxc2 29. Re1 Bb4 0-1